00702cam a2200241 a 45000010008000000030004000080050017000120080041000290100017000700200015000870400018001020500021001200820016001411000021001572450050001782500012002282600057002403000033002975040053003306500029003836500028004126500020004401147087OSt20180117085943.0960814s1997 wiua b 001 0 eng  a 95083695  a069728901X aDLCcDLCdDLC00aPN4781b.M4 199700a070.4/32201 aMencher, Melvin.10aNews reporting and writing /cMelvin Mencher. a7th ed. aMadison, WI :bBrown & Benchmark Publishers,cc1997. axx, 711 p. :bill. ;c24 cm. aIncludes bibliographical references and indexes. 0aReporters and reporting. 0aJournalismxAuthorship. 0aReport writing.